000 01026 a2200229 4500
001 41175
005 20260407155705.0
008 260407a2002 arg spa d
003 AR-UNSa-BCEJYS
040 _aAR-UNSa-BCEJYS
_bspa
_cAR-UNSa-BCEJYS
080 _a347.736
_xQuiebra. Insolvencia. Suspensión de pagos. Bancarrota, procedimientos. Derecho Concursal
245 1 0 _aEl síndico concursal en la quiebra
_pExtensión en la quiebra. Acción de responsabilidad. Revocatoria concursal
020 _a950-894-371-8
264 1 _aBuenos Aires :
_bAD-HOC
_c2002
300 _a143 p.
_c23 cm.
505 _a1. Quiebra dependiente. Extensión de quiebra - 2. Ineficacia concursal (o de la inoponibilidad de actos) - 3. Acción de responsabilidad (con fundamento en el derecho concursal y societario) -
041 _aspa
942 _cBK
590 _aniveau_biblio:m niveau_hierar:0
100 1 _aCiminelli, Juan Carlos
856 4 1 _uhttps://biblioeco.unsa.edu.ar/pmb/images/libros/L126401.jpg
_yImagen de portada
_qimage/jpeg
999 _c3397
_d3397